Catalog

Record Details

Catalog Search



A peek at beaks : tools birds use / Sara Levine ; ... Read More

Available copies

  • 1 of 2 copies available at LARL/NWRL Consortium.
  • 1 of 2 copies available at Lake Agassiz Regional Library. (Show preferred library)

Current holds

0 current holds with 2 total copies.

Show Only Available Copies
Location Call Number / Copy Notes Barcode Shelving Location Status Due Date
Climax Public Library E 598.14 LEV (Text) 33500013457213 Main Available -
Crookston Public Library E 598.14 LEV (Text) 33500013457205 Main Checked out 06/12/2026

Record details

  • ISBN: 9781541587342
  • ISBN: 1541587340
  • Physical Description: pages cm
  • Publisher: Minneapolis : Millbrook Press , 2021.

Content descriptions

Bibliography, etc. Note:
Includes bibliographical references.
Summary, etc.:
"What kind of bird has a beak like a straw? A ... Read More
Target Audience Note:
Ages 5-9 Millbrook Press.
Grades 2-3 Millbrook Press.
Subject: Bill (Anatomy) > Juvenile literature.
Bill (Anatomy)
Genre: Juvenile works.
LDR 01714cam a22004338i 4500
001373301
003LARL_NWRL_CONSORTIUM
00520210909173515.0
008201029s2021 mnu j b 000 0 eng
010 . ‡a 2020049134
040 . ‡aDLC ‡beng ‡erda ‡cDLC ‡dOCLCO ‡dOCLCF ‡dBDX ‡dYDX
020 . ‡a9781541587342
020 . ‡a1541587340
020 . ‡z9781728418995 ‡q(ebook)
035 . ‡a(OCoLC)1202730686
042 . ‡apcc
08200. ‡a598.14 ‡223
1001 . ‡aLevine, Sara ‡c(Veterinarian), ‡eauthor.
24512. ‡aA peek at beaks : ‡btools birds use / ‡cSara Levine ; illustrated by Kate Slater.
264 1. ‡aMinneapolis : ‡bMillbrook Press , ‡c2021.
300 . ‡apages cm
336 . ‡atext ‡btxt ‡2rdacontent
337 . ‡aunmediated ‡bn ‡2rdamedia
338 . ‡avolume ‡bnc ‡2rdacarrier
504 . ‡aIncludes bibliographical references.
520 . ‡a"What kind of bird has a beak like a straw? A hummingbird! This playful picture book will keep readers guessing as they discover how the beaks of different birds resemble tools"-- ‡cProvided by publisher.
521 . ‡aAges 5-9 ‡bMillbrook Press.
521 . ‡aGrades 2-3 ‡bMillbrook Press.
650 0. ‡aBill (Anatomy) ‡vJuvenile literature.
650 7. ‡aBill (Anatomy) ‡2fast ‡0(LARL_NWRL_CONSORTIUM)14967
655 7. ‡aJuvenile works. ‡2fast
7001 . ‡aSlater, Kate, ‡d1986- ‡eillustrator.
77608. ‡iOnline version: ‡aLevine, Sara, 1966- ‡tA peek at beaks ‡dMinneapolis : Millbrook Press , 2021. ‡z9781728418995 ‡w(DLC) 2020049135
901 . ‡a373301 ‡bOCoLC ‡c373301 ‡tbiblio ‡soclc

Additional Resources